<?xml version="1.0" encoding="UTF-8"?>
<record
    xmlns:xsi="http://www.w3.org/2001/XMLSchema-instance"
    xsi:schemaLocation="http://www.loc.gov/MARC21/slim http://www.loc.gov/standards/marcxml/schema/MARC21slim.xsd"
    xmlns="http://www.loc.gov/MARC21/slim">

  <leader>00800nas a2200241 i 4500</leader>
  <controlfield tag="001">192</controlfield>
  <controlfield tag="003">ES-MaACL</controlfield>
  <controlfield tag="005">20250814011825.0</controlfield>
  <controlfield tag="007">t|</controlfield>
  <controlfield tag="008">950801d18952001fr  |         |  1 ||re d</controlfield>
  <datafield tag="022" ind1=" " ind2=" ">
    <subfield code="a">0003-5017</subfield>
  </datafield>
  <datafield tag="080" ind1=" " ind2=" ">
    <subfield code="a">44</subfield>
  </datafield>
  <datafield tag="245" ind1="0" ind2="2">
    <subfield code="a">L'Ann&#xE9;e biologique / </subfield>
    <subfield code="c">dir. Yves Delage.</subfield>
  </datafield>
  <datafield tag="260" ind1=" " ind2=" ">
    <subfield code="a">Paris : </subfield>
    <subfield code="b">Schleicher Fr&#xE9;res, </subfield>
    <subfield code="c">1895-2001 (</subfield>
    <subfield code="f">Firmin Didot et Cie)</subfield>
  </datafield>
  <datafield tag="300" ind1=" " ind2=" ">
    <subfield code="a">23 v. ; </subfield>
    <subfield code="c">25 cm.</subfield>
  </datafield>
  <datafield tag="310" ind1=" " ind2=" ">
    <subfield code="a">Anual</subfield>
  </datafield>
  <datafield tag="362" ind1="1" ind2=" ">
    <subfield code="a">Ann&#xE9;e 1-24, 1897 (1895)-1919 ; nouv. s&#xE9;r., t. 1-5, 1920/21-1924/25; 3. s&#xE9;r., t. 1-37, 1925/26-1961; 4. s&#xE9;r., t. 1- jan./f&#xE9;r. 1962-Ceased with: 5. s&#xE9;r., t. 40 (d&#xE9;c. 2001)</subfield>
  </datafield>
  <datafield tag="650" ind1="1" ind2="7">
    <subfield code="a">Biolog&#xED;a</subfield>
    <subfield code="2">embne</subfield>
    <subfield code="9">10580</subfield>
  </datafield>
  <datafield tag="700" ind1="1" ind2=" ">
    <subfield code="a">Delage, Yves, </subfield>
    <subfield code="e">dir.</subfield>
    <subfield code="9">43294</subfield>
  </datafield>
  <datafield tag="852" ind1=" " ind2=" ">
    <subfield code="a">ES-MaACL</subfield>
    <subfield code="j">Hem-193</subfield>
  </datafield>
  <datafield tag="866" ind1=" " ind2="0">
    <subfield code="o">1895-1917,1919.</subfield>
  </datafield>
  <datafield tag="999" ind1=" " ind2=" ">
    <subfield code="c">192</subfield>
    <subfield code="d">192</subfield>
  </datafield>
  <datafield tag="952" ind1=" " ind2=" ">
    <subfield code="0">0</subfield>
    <subfield code="1">0</subfield>
    <subfield code="4">0</subfield>
    <subfield code="7">0</subfield>
    <subfield code="8">Hemeroteca</subfield>
    <subfield code="a">ATENEOM</subfield>
    <subfield code="b">ATENEOM</subfield>
    <subfield code="c">DEPO1</subfield>
    <subfield code="d">2008-01-17</subfield>
    <subfield code="e">SC</subfield>
    <subfield code="l">0</subfield>
    <subfield code="o">Hem-193</subfield>
    <subfield code="p">1000193</subfield>
    <subfield code="r">2023-02-23 00:00:00</subfield>
    <subfield code="w">2023-02-23</subfield>
    <subfield code="y">PERIODICA</subfield>
  </datafield>
</record>
